So Long, London - Statistics

General Stats
  • This quiz has been taken 25 times
  • The average score is 304 of 333
Answer Stats
Lyrics % Correct
a
100%
A
100%
but
100%
But
100%
did
100%
find
100%
"How
100%
how
100%
How
100%
I
100%
I'm
100%
in
100%
it
100%
London
100%
long,
100%
me?"
100%
me
100%
me?
100%
much
100%
my
100%
My
100%
no
100%
not
100%
of
100%
on
100%
one
100%
sad
100%
So
100%
so
100%
someone
100%
that
100%
the
100%
The
100%
think
100%
through
100%
to
100%
tragedy
100%
tragedy?
100%
was
100%
you
100%
You
100%
You'll
100%
all
94%
all,
94%
and
94%
And
94%
be
94%
fairy
94%
for
94%
For
94%
free
94%
free?
94%
go
94%
had,
94%
had
94%
Had
94%
he
94%
it's
94%
lights
94%
love
94%
loved
94%
mind
94%
mist
94%
tight
94%
time
94%
us
94%
we
94%
your
94%
affair
88%
after
88%
away
88%
bones
88%
calm
88%
carried
88%
caught
88%
chill
88%
clothes,
88%
clues?
88%
CPR,
88%
day
88%
down
88%
driftin'
88%
each
88%
every
88%
Every
88%
friends
88%
good
88%
graves,
88%
gun
88%
hill
88%
him
88%
I'd
88%
I'll
88%
into
88%
Just
88%
just
88%
kept
88%
moment
88%
Oh,
88%
Pulled
88%
rift
88%
run
88%
said
88%
saw
88%
say
88%
scared
88%
ship,
88%
there
88%
this
88%
tighter
88%
Two
88%
weary
88%
weight
88%
Wet
88%
when
88%
where
88%
you're
88%
air
82%
as
82%
at
82%
back
82%
breath
82%
by
82%
carrying
82%
'cause
82%
color
82%
come
82%
days
82%
died
82%
dying
82%
face
82%
feels
82%
'fore
82%
'Fore
82%
from
82%
getting
82%
give
82%
gods
82%
going
82%
grip
82%
hell
82%
if
82%
isn't
82%
laugh,
82%
let
82%
like
82%
low
82%
mad
82%
never
82%
off
82%
pissed
82%
place
82%
proof
82%
rarest
82%
right
82%
self-implode?
82%
stopped
82%
sun
82%
sure
82%
swore
82%
undone
82%
up
82%
use
82%
waitin'
82%
wants
82%
were
82%
white-knuckle
82%
with
82%
would
82%
youth
82%
abandoned
76%
about
76%
bluest
76%
club
76%
didn't
76%
founded
76%
gone,
76%
great
76%
have
76%
heard
76%
Heath
76%
holding
76%
house
76%
knew,
76%
left
76%
man
76%
odd
76%
opt
76%
out
76%
quiet
76%
sacrificed
76%
she's
76%
spine
76%
spirit
76%
Stitches
76%
things
76%
altar
71%
make
71%
resentment
71%
safe
71%
split
71%
tryna
71%
warm
71%
drill
65%
Thinkin',
53%
No matching quizzes found
Score Distribution
Percent of People with Each Score
Percentile by Number Answered
Your Score History
You have not taken this quiz